The squared circle postmarks of Canada (Record no. 1391)

000 -LEADER
fixed length control field 00366nam a22001337a 4500
003 - CONTROL NUMBER IDENTIFIER
control field OSt
008 - FIXED-LENGTH DATA ELEMENTS--GENERAL INFORMATION
fixed length control field 150504b xxu||||| |||| 00| 0 eng d
041 ## - LANGUAGE CODE
Language code of text/sound track or separate title eng
100 1# - MAIN ENTRY--PERSONAL NAME
Personal name W.G. Moffatt and Glenn Hansen
245 10 - TITLE STATEMENT
Title The squared circle postmarks of Canada
260 ## - PUBLICATION, DISTRIBUTION, ETC. (IMPRINT)
Place of publication, distribution, etc. Altona, Man., Canada
Name of publisher, distributor, etc. British North America Philatelic Society
300 ## - PHYSICAL DESCRIPTION
Extent 0 pages
942 ## - ADDED ENTRY ELEMENTS (KOHA)
Edition
Holdings
Withdrawn status Lost status Source of classification or shelving scheme Damaged status Not for loan Collection code Permanent Location Current Location Date acquired Total Checkouts Full call number Barcode Date last seen Price effective from Koha item type Shelving location
          Richard Drews Northern Philatelic Library Northern Philatelic Library 05/04/2015   G3401 .P857 W592 1001644 04/15/2017 06/28/2015 Books  
            Northern Philatelic Library Northern Philatelic Library 03/05/2026   G3401 .P857 W592 1006198 03/05/2026 03/05/2026 Books General Stacks

Powered by Koha